[Event "Rated Blitz game"]
[Site "?"]
[Date "2021.10.03"]
[Round "?"]
[White "MrTarrasch"]
[Black "ALJHuNTANGz"]
[Result "0-1"]
[WhiteElo "2538"]
[BlackElo "2505"]
[PlyCount "68"]
[EventDate "2021.??.??"]
[EventType "blitz"]

1. e4 e5 2. Nf3 d5 3. Nxe5 dxe4 4. d4 Bd6 5. Nc4 Nc6 6. Nc3 Nf6 7. Bg5 Bf5 8.
Be2 Bb4 9. d5 Bxc3+ 10. bxc3 Qxd5 11. Bxf6 Qxd1+ 12. Rxd1 gxf6 13. Ne3 Be6 14.
a3 f5 15. Bb5 Ke7 16. Nd5+ Bxd5 17. Rxd5 Ke6 18. Bc4 Ne5 19. Bb3 Kf6 20. Ke2
Rad8 21. Rhd1 Rxd5 22. Rxd5 c6 23. Rd6+ Ke7 24. Rh6 Ng4 25. Rh4 h5 26. h3 Nf6
27. f3 Rg8 28. Kf2 e3+ 29. Kxe3 Rxg2 30. Ra4 a6 31. Rb4 b5 32. a4 c5 33. Rf4 c4
34. Ba2 Nd5+ {Normal} 0-1

[Event "Rated Blitz game"]
[Site "?"]
[Date "2021.10.03"]
[Round "?"]
[White "Rishikadam021"]
[Black "Benny_Watts_2005"]
[Result "1-0"]
[WhiteElo "2493"]
[BlackElo "2421"]
[PlyCount "97"]
[EventDate "2021.??.??"]
[EventType "blitz"]

1. e4 e5 2. Nf3 d5 3. Nxe5 Bd6 4. d4 dxe4 5. Nc3 Bxe5 6. dxe5 Qxd1+ 7. Kxd1 Bf5
8. Be3 Nc6 9. Ke2 Nxe5 10. h3 Nc4 11. g4 Nxe3 12. Kxe3 Be6 13. Rd1 Nf6 14. Bg2
O-O 15. Bxe4 Nxe4 16. Nxe4 Rad8 17. b3 Bd5 18. Rhe1 Bxe4 19. Kxe4 Rfe8+ 20. Kf3
Kf8 21. Rxe8+ Kxe8 22. Rxd8+ Kxd8 23. Ke4 Ke7 24. Ke5 f6+ 25. Kf5 Kf7 26. f4
g6+ 27. Ke4 c6 28. c4 Ke7 29. c5 h6 30. h4 Ke6 31. f5+ gxf5+ 32. gxf5+ Kd7 33.
Kd4 h5 34. b4 b5 35. cxb6 axb6 36. a4 Kd6 37. Kc4 Ke5 38. a5 b5+ 39. Kc5 Kxf5
40. a6 Kg4 41. a7 f5 42. a8=Q f4 43. Qxc6 f3 44. Qxb5 f2 45. Qf1 Kg3 46. b5 Kf3
47. b6 Kg3 48. b7 Kf3 49. b8=Q {Normal} 1-0

[Event "Rated Blitz tournament fLazRh5v"]
[Site "?"]
[Date "2021.10.03"]
[Round "?"]
[White "EVRIKA1306"]
[Black "geptil"]
[Result "1-0"]
[WhiteElo "2387"]
[BlackElo "2469"]
[PlyCount "93"]
[EventDate "2021.??.??"]
[EventType "blitz"]

1. e4 e5 2. Nf3 d5 3. exd5 e4 4. Nd4 Qxd5 5. Nb3 Nf6 6. Nc3 Qf5 7. Be2 Qg6 8.
Rg1 Nc6 9. d4 Be6 10. Bb5 Bb4 11. Be3 O-O 12. Qd2 Nd5 13. a3 Bxc3 14. bxc3 Qh5
15. h3 Rad8 16. c4 Nxe3 17. fxe3 Ne7 18. Nc5 Bc8 19. Qe2 Qg6 20. Ba4 b6 21. Nb3
Bxh3 22. O-O-O Bg4 23. Qf2 Bxd1 24. Rxd1 Nf5 25. g4 Nd6 26. c5 Nc4 27. Qe2 Na5
28. Nd2 bxc5 29. dxc5 Nc6 30. Qa6 Ne5 31. Qxg6 fxg6 32. Nxe4 Rf3 33. Rxd8+ Rf8
34. Bb3+ Nf7 35. Bxf7+ Kxf7 36. Ng5+ Ke7 37. Rxf8 Kxf8 38. Nxh7+ Ke7 39. Ng5
Kf6 40. Ne4+ Ke5 41. Kd2 Kxe4 42. c4 g5 43. Ke2 g6 44. a4 a5 45. Kd2 Kf3 46.
Kd3 Kxg4 47. Ke4 {Time forfeit} 1-0

[Event "Rated Blitz game"]
[Site "?"]
[Date "2021.10.03"]
[Round "?"]
[White "jotjesus"]
[Black "Rikoboy"]
[Result "1-0"]
[WhiteElo "2414"]
[BlackElo "2408"]
[PlyCount "33"]
[EventDate "2021.??.??"]
[EventType "blitz"]

1. e4 e5 2. Nf3 d5 3. d4 dxe4 4. Nxe5 Bd6 5. Nc4 Nf6 6. Nxd6+ Qxd6 7. c4 Nc6 8.
Be3 Bg4 9. Qa4 O-O-O 10. c5 Qe6 11. Bc4 Nd5 12. Nc3 Nxc3 13. Bxe6+ fxe6 14.
bxc3 Kb8 15. O-O h5 16. Rab1 Ne7 17. c6 {Time forfeit} 1-0

[Event "Rated Blitz game"]
[Site "?"]
[Date "2021.10.03"]
[Round "?"]
[White "anton16072001"]
[Black "KinzyabulatovRenat"]
[Result "0-1"]
[WhiteElo "2445"]
[BlackElo "2447"]
[PlyCount "84"]
[EventDate "2021.??.??"]
[EventType "blitz"]

1. e4 e5 2. Nf3 d5 3. exd5 e4 4. Qe2 Nf6 5. Nc3 Be7 6. Ng5 O-O 7. Ngxe4 Nxd5 8.
Nxd5 Qxd5 9. d3 Nc6 10. Be3 f5 11. Nc3 Bb4 12. Qd2 Qf7 13. g3 Re8 14. Bg2 f4
15. gxf4 Bg4 16. h3 Bh5 17. Bd5 Re6 18. Rg1 Rae8 19. Rg5 g6 20. f5 Bxc3 21.
Qxc3 Rxe3+ 22. fxe3 Qxd5 23. e4 Nd4 24. Rg3 Nxf5 25. Rg2 Nh4 26. Re2 Qe6 27.
Re3 Ng2+ 28. Kd2 Nxe3 29. Kxe3 Qxh3+ 30. Kd2 Qg2+ 31. Ke3 Qf3+ 32. Kd4 Qf2+ 33.
Kc4 Re6 34. Kb3 Rb6+ 35. Ka3 Ra6+ 36. Kb3 g5 37. Qxc7 Bf7+ 38. c4 Rb6+ 39. Ka4
Qxb2 40. Qd8+ Kg7 41. Qxg5+ Rg6 42. Qd8 Ra6+ {Time forfeit} 0-1

[Event "Rated Blitz game"]
[Site "?"]
[Date "2021.10.03"]
[Round "?"]
[White "Just__kidding"]
[Black "RiskyBlitzer"]
[Result "0-1"]
[WhiteElo "2566"]
[BlackElo "2493"]
[PlyCount "54"]
[EventDate "2021.??.??"]
[EventType "blitz"]

1. e4 e5 2. Nf3 d5 3. Nc3 dxe4 4. Nxe5 Bd6 5. Nc4 Nf6 6. Nxd6+ Qxd6 7. d4 Bg4
8. Be2 Bxe2 9. Qxe2 Qxd4 10. Qb5+ Nbd7 11. Qxb7 O-O 12. O-O Ne5 13. Be3 Qc4 14.
Qb5 Qe6 15. b3 Rab8 16. Qe2 Qf5 17. Rfd1 Nfg4 18. Nd5 Kh8 19. Bf4 c6 20. Bxe5
Nxe5 21. Ne3 Qf4 22. Kh1 Rbe8 23. Rd2 Re6 24. Rad1 Rh6 25. h3 Nf3 26. Ng4 Qxg4
27. Qe3 Rxh3+ {Normal} 0-1

[Event "Rated Blitz game"]
[Site "?"]
[Date "2021.10.03"]
[Round "?"]
[White "EnricoBenetti"]
[Black "RiskyBlitzer"]
[Result "0-1"]
[WhiteElo "2564"]
[BlackElo "2503"]
[PlyCount "70"]
[EventDate "2021.??.??"]
[EventType "blitz"]

1. e4 e5 2. Nf3 d5 3. exd5 e4 4. Qe2 Nf6 5. Ng5 Be7 6. Nxe4 Nxd5 7. Qf3 O-O 8.
Be2 Nc6 9. c3 f5 10. Ng3 Ne5 11. Qh5 g6 12. d4 gxh5 13. dxe5 f4 14. Nxh5 Qe8
15. Bf3 c6 16. Nd2 Bf5 17. O-O Bg6 18. Nf6+ Bxf6 19. exf6 Nxf6 20. Nc4 Qb8 21.
Re1 Re8 22. Rxe8+ Qxe8 23. Bxf4 Nd5 24. Bg3 Qf8 25. h4 h5 26. Ne5 Qg7 27. c4
Ne7 28. Rd1 Be8 29. Bf4 Nf5 30. g3 Nxh4 31. Bg2 Nxg2 32. Kxg2 Qf6 33. Nf3 Rd8
34. Bg5 Qxf3+ 35. Kxf3 Rxd1 {Normal} 0-1

[Event "Rated Blitz game"]
[Site "?"]
[Date "2021.10.03"]
[Round "?"]
[White "ElGordo"]
[Black "jsequera"]
[Result "1-0"]
[WhiteElo "2589"]
[BlackElo "2502"]
[PlyCount "67"]
[EventDate "2021.??.??"]
[EventType "blitz"]

1. e4 e5 2. Nf3 d5 3. Nc3 d4 4. Nb1 Nc6 5. Bb5 Bg4 6. h3 Bxf3 7. Qxf3 Nge7 8.
d3 Qd6 9. Na3 Qb4+ 10. Ke2 a6 11. Bc4 f6 12. Be6 Qd6 13. Bb3 b5 14. Bd2 Ng6 15.
g3 Qd7 16. Nb1 Bb4 17. a4 Bxd2 18. Nxd2 Rb8 19. axb5 axb5 20. Ra3 Ke7 21. Rha1
Rb6 22. h4 Rhb8 23. Qh5 Rh8 24. Ra6 Rxa6 25. Rxa6 Nd8 26. Ra7 Nf8 27. Bd5 Nfe6
28. Nb3 Kd6 29. Kd2 g6 30. Qd1 f5 31. f3 Rf8 32. Qa1 fxe4 33. dxe4 Rxf3 34.
Qa3+ {Normal} 1-0

[Event "Rated Blitz game"]
[Site "?"]
[Date "2021.10.03"]
[Round "?"]
[White "mansurhidayat"]
[Black "KinzyabulatovRenat"]
[Result "0-1"]
[WhiteElo "2520"]
[BlackElo "2422"]
[PlyCount "50"]
[EventDate "2021.??.??"]
[EventType "blitz"]

1. e4 e5 2. Nf3 d5 3. Nxe5 Bd6 4. d4 dxe4 5. Bf4 Nf6 6. Bc4 O-O 7. O-O Nbd7 8.
Nd2 Qe7 9. Ng6 hxg6 10. Bxd6 cxd6 11. c3 d5 12. Be2 e3 13. Nf3 Ng4 14. Ne5
Ndxe5 15. dxe5 Nxf2 16. Qd4 Qg5 17. Rae1 Be6 18. Bf3 Ng4 19. h3 Nxe5 20. Rxe3
Nc6 21. Qd2 Bxh3 22. Bxd5 Bf5 23. Qf2 Rae8 24. Rg3 Qd8 25. c4 Qb6 {Normal} 0-1

[Event "Rated Blitz game"]
[Site "?"]
[Date "2021.10.03"]
[Round "?"]
[White "najull"]
[Black "anjaya01"]
[Result "0-1"]
[WhiteElo "2419"]
[BlackElo "2430"]
[PlyCount "66"]
[EventDate "2021.??.??"]
[EventType "blitz"]

1. e4 e5 2. Nf3 d5 3. exd5 Bd6 4. d4 e4 5. Ne5 Nf6 6. c4 O-O 7. Nc3 b6 8. Bf4
Bf5 9. Be2 Re8 10. g4 Bg6 11. h4 h6 12. g5 Nfd7 13. Nxg6 Bxf4 14. Nxf4 hxg5 15.
hxg5 Qxg5 16. Qd2 e3 17. fxe3 Qg3+ 18. Kd1 Rxe3 19. Rf1 Na6 20. Nh5 Qg5 21. Ne4
Qh6 22. Rh1 Rxe4 23. Qxh6 gxh6 24. Kc2 Rxe2+ 25. Kd3 Rae8 26. Rag1+ Kh8 27. Rg3
Nb4+ 28. Kc3 a5 29. Nf4 R8e3+ 30. Rxe3 Rxe3+ 31. Kd2 Re4 32. Rxh6+ Kg7 33. Rh4
Rxd4+ {Time forfeit} 0-1

[Event "Rated Blitz game"]
[Site "?"]
[Date "2021.10.03"]
[Round "?"]
[White "parfumer1"]
[Black "zavareh"]
[Result "1-0"]
[WhiteElo "2403"]
[BlackElo "2274"]
[PlyCount "47"]
[EventDate "2021.??.??"]
[EventType "blitz"]

1. e4 e5 2. Nf3 d5 3. Nxe5 Qe7 4. d4 f6 5. Nd3 dxe4 6. Nf4 Nc6 7. Bb5 Bd7 8.
Bxc6 Bxc6 9. Qh5+ g6 10. Nxg6 hxg6 11. Qxh8 Qf7 12. Qh3 f5 13. Bg5 Nf6 14. Nc3
O-O-O 15. O-O-O Bb4 16. Kb1 a5 17. a3 Be7 18. Bxf6 Bxf6 19. Qe3 g5 20. d5 Bxc3
21. Qxc3 Bxd5 22. Qxa5 b6 23. Qa6+ Bb7 24. Rxd8+ {Normal} 1-0

[Event "Rated Blitz game"]
[Site "?"]
[Date "2021.10.03"]
[Round "?"]
[White "Ngazio2000"]
[Black "KinzyabulatovRenat"]
[Result "1/2-1/2"]
[WhiteElo "2501"]
[BlackElo "2430"]
[PlyCount "126"]
[EventDate "2021.??.??"]
[EventType "blitz"]

1. e4 e5 2. Nf3 d5 3. Nxe5 Bd6 4. d4 dxe4 5. Nc4 Be7 6. Nc3 Nf6 7. Bg5 O-O 8.
Qd2 Nc6 9. O-O-O Nb4 10. Bxf6 Bxf6 11. Nxe4 Be7 12. Kb1 c6 13. a3 Nd5 14. Ne3
Be6 15. Nxd5 Bxd5 16. Nc3 Be6 17. d5 Bg4 18. f3 Bf5 19. Bd3 Bxd3 20. Qxd3 Bf6
21. Ne4 Be5 22. g3 Qb6 23. Qb3 Qxb3 24. cxb3 f5 25. Nc5 Rf7 26. dxc6 bxc6 27.
f4 Bf6 28. Rhe1 Rb8 29. b4 a5 30. Nd7 Ra8 31. bxa5 h6 32. Re6 Rxa5 33. Nxf6+
Rxf6 34. Rxf6 gxf6 35. Rd6 Rc5 36. Rxf6 Kg7 37. Re6 h5 38. Re5 Rc4 39. Rxf5 Kg6
40. Rg5+ Kh6 41. b3 Re4 42. Rc5 Re1+ 43. Rc1 Re2 44. Rc2 Re3 45. Rxc6+ Kg7 46.
Kb2 Re2+ 47. Rc2 Re4 48. a4 h4 49. a5 hxg3 50. hxg3 Re6 51. Rc3 Kf6 52. b4 Kf5
53. Kb3 Kg4 54. b5 Re1 55. Kb4 Ra1 56. Kc5 Rxa5 57. Kc6 Ra8 58. b6 Rc8+ 59. Kd7
Rxc3 60. b7 Rb3 61. Kc7 Kxg3 62. b8=Q Rxb8 63. Kxb8 Kxf4 {Normal} 1/2-1/2

[Event "Rated Blitz game"]
[Site "?"]
[Date "2021.10.03"]
[Round "?"]
[White "parviz-g"]
[Black "KinzyabulatovRenat"]
[Result "1-0"]
[WhiteElo "2460"]
[BlackElo "2398"]
[PlyCount "79"]
[EventDate "2021.??.??"]
[EventType "blitz"]

1. e4 e5 2. Nf3 d5 3. Nc3 d4 4. Ne2 Nc6 5. Ng3 h5 6. h4 Bg4 7. Bb5 Nge7 8. d3
a6 9. Ba4 b5 10. Bb3 Ng6 11. Bg5 f6 12. Bd2 Bb4 13. Bxb4 Nxb4 14. Qd2 c5 15. a3
Nc6 16. Bd5 Rc8 17. Nf5 Bxf5 18. exf5 Nf4 19. Be4 Nxg2+ 20. Kd1 Nf4 21. Re1 Ne7
22. Kc1 Ned5 23. Bxd5 Qxd5 24. Qxf4 Kf7 25. Qg3 Rh6 26. Nd2 c4 27. Ne4 cxd3 28.
Qxd3 Rhh8 29. Kd2 Rc4 30. Rac1 Rhc8 31. Qf3 Ke7 32. Qxh5 d3 33. cxd3 Rd4 34.
Qf3 Rxc1 35. Rxc1 Qb3 36. Rc7+ Kd8 37. Rc2 a5 38. Nc5 Qd5 39. Ne6+ Ke7 40. Nxd4
{Normal} 1-0

[Event "Rated Blitz game"]
[Site "?"]
[Date "2021.10.03"]
[Round "?"]
[White "ivo94"]
[Black "KinzyabulatovRenat"]
[Result "1-0"]
[WhiteElo "2470"]
[BlackElo "2431"]
[PlyCount "47"]
[EventDate "2021.??.??"]
[EventType "blitz"]

1. e4 e5 2. Nf3 d5 3. exd5 e4 4. Qe2 Nf6 5. d3 Qxd5 6. Nbd2 Nc6 7. Nxe4 Be6 8.
Nxf6+ gxf6 9. Qe4 Qh5 10. Be2 O-O-O 11. Nd4 Qg6 12. Nxc6 bxc6 13. Qxc6 Bd5 14.
Qa6+ Bb7 15. Qxa7 Qxg2 16. Rf1 Qxh2 17. Bg4+ Rd7 18. Bxd7+ Kxd7 19. Qxb7 Bd6
20. Be3 f5 21. Qb5+ Ke6 22. O-O-O f4 23. Bd4 Rg8 24. Rde1+ {Normal} 1-0

[Event "Rated Blitz tournament fLazRh5v"]
[Site "?"]
[Date "2021.10.03"]
[Round "?"]
[White "GreyShark67"]
[Black "geptil"]
[Result "0-1"]
[WhiteElo "2393"]
[BlackElo "2451"]
[PlyCount "22"]
[EventDate "2021.??.??"]
[EventType "blitz"]

1. e4 e5 2. Nf3 d5 3. Bb5+ c6 4. Bd3 dxe4 5. Bxe4 f5 6. Nxe5 Qd4 7. Qh5+ g6 8.
Nxg6 hxg6 9. Qxg6+ Kd8 10. Bf3 Ne7 11. Qg5 Bh6 {Normal} 0-1

[Event "Rated Blitz game"]
[Site "?"]
[Date "2021.10.03"]
[Round "?"]
[White "janqis"]
[Black "KinzyabulatovRenat"]
[Result "0-1"]
[WhiteElo "2411"]
[BlackElo "2412"]
[PlyCount "34"]
[EventDate "2021.??.??"]
[EventType "blitz"]

1. e4 e5 2. Nf3 d5 3. Nxe5 Bd6 4. d4 dxe4 5. Bc4 Bxe5 6. dxe5 Qxd1+ 7. Kxd1 Nc6
8. Bf4 Nge7 9. Bb5 Bg4+ 10. Kc1 O-O-O 11. Bxc6 Nxc6 12. Nc3 Rhe8 13. Nxe4 Nxe5
14. f3 Nxf3 15. gxf3 Bxf3 16. Re1 Rxe4 17. Rxe4 Rd1# {Normal} 0-1

[Event "Rated Blitz game"]
[Site "?"]
[Date "2021.10.03"]
[Round "?"]
[White "NateRiver0"]
[Black "osmankoka"]
[Result "0-1"]
[WhiteElo "2565"]
[BlackElo "2507"]
[PlyCount "94"]
[EventDate "2021.??.??"]
[EventType "blitz"]

1. e4 e5 2. Nf3 d5 3. Nxe5 dxe4 4. Nc3 Bd6 5. Nc4 Nf6 6. Nxd6+ cxd6 7. d3 exd3
8. Bxd3 h6 9. Qe2+ Be6 10. Bf4 O-O 11. O-O Nc6 12. Rad1 Re8 13. Qf3 Bg4 14. Qg3
Bxd1 15. Rxd1 Nh5 16. Qg4 Nxf4 17. Qxf4 Qg5 18. Qxd6 Rad8 19. Qc7 Re7 20. Qg3
Rde8 21. h3 Qxg3 22. fxg3 Re1+ 23. Rxe1 Rxe1+ 24. Kf2 Re5 25. Kf3 g5 26. g4 Kg7
27. g3 Nd4+ 28. Kf2 a6 29. Ne4 b5 30. Nd6 Kf6 31. c3 Ne6 32. Nf5 Nc5 33. Bc2
Rd5 34. Ke3 Re5+ 35. Kd4 Ne6+ 36. Kd3 h5 37. Ne3 h4 38. gxh4 gxh4 39. Ng2 Kg5
40. Bb3 Nc5+ 41. Kd4 f6 42. Ne3 Re4+ 43. Kxc5 Rxe3 44. Kb6 Rxh3 45. Kxa6 Rd3
46. Kxb5 h3 47. Bc4 h2 {Normal} 0-1

[Event "Rated Blitz game"]
[Site "?"]
[Date "2021.10.03"]
[Round "?"]
[White "Quaritch79"]
[Black "KinzyabulatovRenat"]
[Result "1-0"]
[WhiteElo "2425"]
[BlackElo "2417"]
[PlyCount "111"]
[EventDate "2021.??.??"]
[EventType "blitz"]

1. e4 e5 2. Nf3 d5 3. exd5 e4 4. Nd4 Qxd5 5. Nb3 Qe5 6. Nc3 Nf6 7. Bc4 Bd6 8.
Qe2 O-O 9. h3 Nc6 10. d3 exd3 11. Bxd3 Re8 12. Qxe5 Nxe5 13. Be2 Bf5 14. Nd4
Bg6 15. O-O Bc5 16. Nb3 Bb6 17. Bd1 a5 18. Na4 Ba7 19. Nxa5 Bxf2+ 20. Rxf2 Rxa5
21. Nc3 Nc4 22. b3 Ne3 23. Bxe3 Rxe3 24. Na4 Re1+ 25. Rf1 Rae5 26. c4 Bd3 27.
Rxe1 Rxe1+ 28. Kf2 Rh1 29. Rc1 h5 30. Nb2 Be4 31. Rc3 c5 32. Na4 Rxd1 33. Nxc5
Bc6 34. Re3 Rd2+ 35. Re2 Rxe2+ 36. Kxe2 Bxg2 37. h4 Kf8 38. Ke3 Ke7 39. a4 Kd6
40. Nd3 Ng4+ 41. Kf4 f6 42. b4 Bf1 43. c5+ Kd5 44. Nb2 Ne5 45. Kf5 Bd3+ 46. Kf4
Nf7 47. Nxd3 g5+ 48. hxg5 fxg5+ 49. Kf5 g4 50. Kf4 Kd4 51. b5 Kxd3 52. a5 Kc4
53. a6 bxa6 54. bxa6 Kxc5 55. a7 g3 56. a8=Q {Normal} 1-0

[Event "Rated Blitz game"]
[Site "?"]
[Date "2021.10.03"]
[Round "?"]
[White "dashblue2204"]
[Black "sillierchess"]
[Result "1-0"]
[WhiteElo "2496"]
[BlackElo "2371"]
[PlyCount "25"]
[EventDate "2021.??.??"]
[EventType "blitz"]

1. e4 e5 2. Nf3 d5 3. exd5 Bd6 4. d4 e4 5. Nfd2 e3 6. Qe2 Ne7 7. fxe3 Nxd5 8.
Nc3 Qh4+ 9. Qf2 Qxf2+ 10. Kxf2 Nb4 11. a3 Nxc2 12. Rb1 Bf5 13. Nde4 {Normal}
1-0

[Event "Rated Blitz game"]
[Site "?"]
[Date "2021.10.03"]
[Round "?"]
[White "pascual_jann00"]
[Black "rimbun_sidabalok"]
[Result "1-0"]
[WhiteElo "2402"]
[BlackElo "2285"]
[PlyCount "37"]
[EventDate "2021.??.??"]
[EventType "blitz"]

1. e4 e5 2. Nf3 d5 3. Nxe5 Qe7 4. d4 f6 5. Ng4 Qxe4+ 6. Ne3 Nc6 7. c3 Bd6 8.
Bd3 Qe6 9. O-O Nge7 10. c4 Qf7 11. Nc3 Nb4 12. Bb1 dxc4 13. a3 Nd3 14. Nxc4
Nxc1 15. Nxd6+ cxd6 16. Qxc1 O-O 17. Re1 Kh8 18. Nb5 d5 19. Nd6 {Normal} 1-0

[Event "Rated Blitz game"]
[Site "?"]
[Date "2021.10.03"]
[Round "?"]
[White "mrkica1964"]
[Black "vol83accurate"]
[Result "0-1"]
[WhiteElo "2509"]
[BlackElo "2423"]
[PlyCount "84"]
[EventDate "2021.??.??"]
[EventType "blitz"]

1. e4 e5 2. Nf3 d5 3. exd5 e4 4. Qe2 Be7 5. Qxe4 Nf6 6. Qa4+ c6 7. dxc6 O-O 8.
Be2 Nxc6 9. O-O Re8 10. c3 Bd6 11. Qd1 Qe7 12. Bb5 Bg4 13. d4 a6 14. Bxc6 bxc6
15. Bg5 Qe6 16. Nbd2 Qf5 17. Bh4 Bf4 18. Qb1 Qh5 19. Bg3 Bxg3 20. hxg3 Bf5 21.
Qd1 Ng4 22. Re1 Re6 23. Rxe6 Bxe6 24. Nf1 Rb8 25. b3 Qa5 26. Qd2 Rxb3 27. axb3
Qxa1 28. c4 h6 29. d5 cxd5 30. cxd5 Bd7 31. d6 Bb5 32. Qe1 Qxe1 33. Nxe1 Kf8
34. f3 Bxf1 35. Kxf1 Ne3+ 36. Ke2 Nf5 37. g4 Nxd6 38. Kd3 Ke7 39. Nc2 Kd7 40.
Nb4 a5 41. Nd5 Kc6 42. Ne3 Kb5 {Time forfeit} 0-1

[Event "Rated Blitz game"]
[Site "?"]
[Date "2021.10.03"]
[Round "?"]
[White "queenofdomination"]
[Black "KinzyabulatovRenat"]
[Result "0-1"]
[WhiteElo "2480"]
[BlackElo "2428"]
[PlyCount "58"]
[EventDate "2021.??.??"]
[EventType "blitz"]

1. e4 e5 2. Nf3 d5 3. exd5 e4 4. Nd4 Qxd5 5. Nb3 Qe5 6. Be2 Bd6 7. d4 exd3 8.
cxd3 Nf6 9. d4 Qe7 10. O-O O-O 11. Bg5 h6 12. Bh4 a5 13. Nc3 a4 14. Nd5 Qe6 15.
Nxf6+ gxf6 16. Nd2 Nc6 17. Nf3 Qd5 18. Rc1 Kg7 19. Bc4 Qh5 20. Bg3 Bg4 21. Bd5
Ne7 22. Bxb7 Rab8 23. Bxd6 cxd6 24. Rc7 Ng6 25. Qxa4 d5 26. Qc6 Bxf3 27. gxf3
Nf4 28. Qd7 f5 29. Kh1 Qxf3+ {Normal} 0-1

[Event "Rated Rapid game"]
[Site "?"]
[Date "2021.10.03"]
[Round "?"]
[White "cfraffor2129"]
[Black "EEberhart"]
[Result "0-1"]
[WhiteElo "2403"]
[BlackElo "2300"]
[PlyCount "94"]
[EventDate "2021.??.??"]
[EventType "rapid"]

1. e4 e5 2. Nf3 d5 3. d4 dxe4 4. Nxe5 Bd6 5. Qe2 Nf6 6. Nc3 Bf5 7. Bg5 O-O 8.
O-O-O Nc6 9. Nxc6 bxc6 10. Nxe4 Bxe4 11. Bxf6 Qxf6 12. Qxe4 Rfe8 13. Qd3 Qxf2
14. Kb1 Rab8 15. Qc4 Re1 16. Bd3 Rxh1 17. Rxh1 Qxg2 18. Rf1 Qd5 19. Rf5 Re8 20.
a3 Qh1+ 21. Ka2 Rf8 22. Rh5 g6 23. Rh4 Qd5 24. b3 Qxc4 25. Bxc4 Kg7 26. Be2 f5
27. Rh3 Re8 28. Ba6 f4 29. Bb7 Re3 30. Rxe3 fxe3 31. Ba6 Bxh2 32. Kb2 g5 33.
Kc1 g4 34. Kd1 Bd6 35. Ke2 Bxa3 36. Kxe3 Kg6 37. Kf4 h5 38. Bb7 Bc1+ 39. Kg3
Kg5 40. Bxc6 h4+ 41. Kg2 h3+ 42. Kh1 g3 43. c4 Kf4 44. b4 Be3 45. b5 g2+ 46.
Bxg2 hxg2+ 47. Kxg2 Bxd4 {Normal} 0-1

[Event "Rated Blitz game"]
[Site "?"]
[Date "2021.10.03"]
[Round "?"]
[White "NewtonHeath"]
[Black "KinzyabulatovRenat"]
[Result "1-0"]
[WhiteElo "2457"]
[BlackElo "2440"]
[PlyCount "95"]
[EventDate "2021.??.??"]
[EventType "blitz"]

1. e4 e5 2. Nf3 d5 3. exd5 e4 4. Qe2 Nf6 5. d3 Qxd5 6. Nc3 Bb4 7. Nd2 Bxc3 8.
bxc3 O-O 9. d4 c5 10. Bb2 Nc6 11. Qc4 Qf5 12. Qxc5 Qxc5 13. dxc5 Nd7 14. Nb3 a5
15. a4 Nde5 16. O-O-O Be6 17. Be2 Bc4 18. Bxc4 Nxc4 19. Rd7 Rab8 20. Re1 f5 21.
Nd4 N6e5 22. Re7 Rfe8 23. Nxf5 Rxe7 24. Nxe7+ Kf7 25. Nf5 Kf6 26. Nd6 Nxd6 27.
cxd6 Kf5 28. Rd1 Rd8 29. Rd4 Nc6 30. Rd5+ Ke6 31. c4 g6 32. Ba3 Ne5 33. Rd4 Kf5
34. c5 Nc6 35. Rd2 Ke5 36. Kb2 g5 37. Kc3 h5 38. Kc4 g4 39. Rd5+ Ke6 40. Rxh5
Rf8 41. Rh7 Rxf2 42. c3 e3 43. Kd3 e2 44. Kd2 Rxg2 45. Rxb7 Ne5 46. Re7+ Kd5
47. Rxe5+ Kxe5 48. d7 {Normal} 1-0

[Event "Rated Blitz game"]
[Site "?"]
[Date "2021.10.03"]
[Round "?"]
[White "il759YaMS"]
[Black "rubengilmondelo64"]
[Result "0-1"]
[WhiteElo "2435"]
[BlackElo "2292"]
[PlyCount "24"]
[EventDate "2021.??.??"]
[EventType "blitz"]

1. e4 e5 2. Nf3 d5 3. exd5 e4 4. Qe2 Nf6 5. Nc3 Be7 6. Nxe4 O-O 7. d3 Re8 8.
Be3 Qxd5 9. O-O-O Qxa2 10. Nc3 Qa1+ 11. Kd2 Qxb2 12. Bc5 Bxc5 {Normal} 0-1

[Event "Rated Blitz game"]
[Site "?"]
[Date "2021.10.03"]
[Round "?"]
[White "NormWeinstein"]
[Black "Annali-annaliew1979"]
[Result "0-1"]
[WhiteElo "2509"]
[BlackElo "2415"]
[PlyCount "94"]
[EventDate "2021.??.??"]
[EventType "blitz"]

1. e4 e5 2. Nf3 d5 3. d4 dxe4 4. Nxe5 Bd6 5. Bf4 Nf6 6. Be2 O-O 7. O-O Nc6 8.
Nc3 Bf5 9. f3 exf3 10. Bxf3 Re8 11. Bxc6 bxc6 12. Nxc6 Qc8 13. Bxd6 cxd6 14. d5
Bd7 15. Qf3 a6 16. Rae1 Qb7 17. b3 Rxe1 18. Rxe1 Qb6+ 19. Qf2 Qxf2+ 20. Kxf2
Kf8 21. Rd1 Rc8 22. Rd3 Bf5 23. Rd2 h5 24. h3 Bd7 25. Ke3 Bxc6 26. dxc6 Rxc6
27. Kd4 Rc5 28. Re2 h4 29. Ne4 Rd5+ 30. Kc4 Rf5 31. Nxd6 Rf4+ 32. Kc5 Nd7+ 33.
Kc6 Nf6 34. c4 g5 35. c5 Rf1 36. Kb7 Rc1 37. c6 Nd5 38. Nc4 Nc3 39. Re3 Nd5 40.
c7 Nxc7 41. Kxc7 Rc2 42. Rd3 Rxg2 43. Rd2 Rg3 44. Ne5 f6 45. Rf2 Kg7 46. Nc6 g4
47. Rd2 gxh3 {Time forfeit} 0-1

[Event "Rated Blitz game"]
[Site "?"]
[Date "2021.10.03"]
[Round "?"]
[White "Fsachess43"]
[Black "Kiridima123"]
[Result "1-0"]
[WhiteElo "2413"]
[BlackElo "2424"]
[PlyCount "55"]
[EventDate "2021.??.??"]
[EventType "blitz"]

1. e4 e5 2. Nf3 d5 3. exd5 e4 4. Ng1 Nf6 5. Nc3 Bf5 6. Nge2 Bc5 7. Ng3 Bg6 8.
d4 exd3 9. Bxd3 Qe7+ 10. Qe2 Bxd3 11. Qxe7+ Kxe7 12. cxd3 Rd8 13. Bg5 Nbd7 14.
O-O h5 15. Nxh5 a6 16. Nxg7 Rg8 17. Nf5+ Kf8 18. Bh6+ Ke8 19. Rae1+ Kd8 20. h4
b5 21. Bg5 Kc8 22. Ne7+ Bxe7 23. Rxe7 b4 24. Ne4 Nxd5 25. Rxf7 Ne5 26. Rf5 Re8
27. f4 Nd7 28. Rxd5 {Normal} 1-0

[Event "Rated Blitz game"]
[Site "?"]
[Date "2021.10.03"]
[Round "?"]
[White "gregor20a"]
[Black "KinzyabulatovRenat"]
[Result "1/2-1/2"]
[WhiteElo "2419"]
[BlackElo "2401"]
[PlyCount "113"]
[EventDate "2021.??.??"]
[EventType "blitz"]

1. e4 e5 2. Nf3 d5 3. Nxe5 Bd6 4. d4 dxe4 5. Qh5 Qe7 6. Bc4 Bxe5 7. dxe5 Nc6 8.
Bg5 Qb4+ 9. Nd2 Nxe5 10. O-O-O Nxc4 11. Nxc4 Be6 12. Ne3 Qa5 13. a3 Nf6 14. Qh4
Nd7 15. Bf4 O-O 16. Qg3 Rac8 17. Bh6 Qe5 18. Bf4 Qf6 19. h4 h6 20. Bg5 hxg5 21.
hxg5 Qg6 22. Qh4 f6 23. gxf6 Qxf6 24. Qh7+ Kf7 25. Qxe4 Rh8 26. Rhe1 Rh4 27. g4
Re8 28. Nd5 Qg5+ 29. f4 Qxg4 30. Nxc7 Qxf4+ 31. Qxf4+ Rxf4 32. Nxe6 Rxe6 33.
Rxd7+ Kf6 34. Rxe6+ Kxe6 35. Rxg7 Rf1+ 36. Kd2 Rf2+ 37. Kc3 Rf7 38. Rxf7 Kxf7
39. Kd4 Ke7 40. Kc5 Kd7 41. Kd5 Kc7 42. c4 Kd7 43. b4 Kc7 44. c5 Kd7 45. b5 Kc7
46. a4 Kd7 47. a5 Kc7 48. a6 bxa6 49. bxa6 Kd7 50. c6+ Kc7 51. Kc5 Kc8 52. Kd6
Kd8 53. Kd5 Kc7 54. Kc5 Kc8 55. Kd6 Kd8 56. c7+ Kc8 57. Kc6 {Normal} 1/2-1/2

[Event "Rated Blitz game"]
[Site "?"]
[Date "2021.10.03"]
[Round "?"]
[White "DeepFry07"]
[Black "ALJHuNTANGz"]
[Result "0-1"]
[WhiteElo "2371"]
[BlackElo "2503"]
[PlyCount "72"]
[EventDate "2021.??.??"]
[EventType "blitz"]

1. e4 e5 2. Nf3 d5 3. exd5 e4 4. Nd4 Qxd5 5. Nb3 Nc6 6. Nc3 Qe5 7. Be2 Bd6 8.
d3 exd3 9. cxd3 Bf5 10. Be3 O-O-O 11. d4 Qe7 12. Nd5 Qe6 13. Nc3 Bb4 14. Qd2
Nf6 15. a3 Ne4 16. Qc1 Bxc3+ 17. bxc3 Qxb3 18. O-O Qxc3 19. Qd1 Nxd4 20. Bg4
Bxg4 21. Qxg4+ f5 22. Bxd4 fxg4 23. Bxc3 Nxc3 24. a4 Rd4 25. a5 a6 26. h3 gxh3
27. g3 g5 28. Kh2 g4 29. Rac1 Nb5 30. Rc2 Rhd8 31. Re1 Rd2 32. Rxd2 Rxd2 33.
Kg1 Nd4 34. Rb1 Nf3+ 35. Kh1 Rxf2 36. Rb2 Rf1# {Normal} 0-1

[Event "Rated Blitz game"]
[Site "?"]
[Date "2021.10.03"]
[Round "?"]
[White "kartoGM"]
[Black "v3chess21"]
[Result "1-0"]
[WhiteElo "2641"]
[BlackElo "2485"]
[PlyCount "39"]
[EventDate "2021.??.??"]
[EventType "blitz"]

1. e4 e5 2. Nf3 d5 3. exd5 e4 4. Qe2 Be7 5. Qxe4 Nf6 6. Qa4+ c6 7. Nc3 O-O 8.
dxc6 Re8 9. Be2 Nxc6 10. O-O Bd6 11. d4 Bg4 12. Bg5 Bxf3 13. Bxf3 Nxd4 14. Bxb7
Rb8 15. Rad1 Bxh2+ 16. Kh1 Qc7 17. Bxf6 gxf6 18. Qxd4 Rxb7 19. Nd5 Qe5 20.
Nxf6+ {Normal} 1-0